Yüklüyor......

Textbook of wood technology/

Detaylı Bibliyografya
Yazar: Brown, H. P.
Materyal Türü: Printed Book
Dil:English
Baskı/Yayın Bilgisi: New York: Mc-Graw Hill Book Company, 1952.
LEADER 00449nam a22001217a 4500
008 210701b ||||| |||| 00| 0 eng d
100 |a Brown, H. P. 
245 |a Textbook of wood technology/  |c H. P. Brown, A. J. panshin and C. C. Forsaith 
260 |a New York:  |b Mc-Graw Hill Book Company,  |c 1952. 
300 |a 783p. 
942 |c BK 
999 |c 359201  |d 359201 
952 |0 0  |1 0  |2 ddc  |4 0  |7 0  |9 417067  |a BOT  |b BOT  |c ST1  |d 2021-07-01  |e    |i 2744  |l 0  |p BOT2744  |r 2021-07-01  |w 2021-07-01  |y BK